[Event "Bayern-chI Bank Hofmann 21st"]
[Site "Tegernsee"]
[Date "2017.11.01"]
[Round "5"]
[White "Staudacher, Thomas"]
[Black "Hess, Max"]
[Result "0-1"]
[WhiteElo "2064"]
[BlackElo "2271"]
[PlyCount "66"]
[EventDate "2017.10.28"]
[EventType "swiss"]
[EventRounds "9"]
[EventCountry "GER"]
[SourceTitle "CBM 181 Extra"]
[Source "ChessBase"]
[SourceDate "2017.12.12"]
[SourceVersion "1"]
[SourceVersionDate "2017.12.12"]
[SourceQuality "1"]

1. e4 c5 2. Nf3 e6 3. d4 cxd4 4. Nxd4 Nc6 5. Nb5 d6 6. c4 Nf6 7. N1c3 a6 8. Na3 Be7 9. Be2 0-0 10. 0-0 b6 11. Be3 Bb7 12. Qb3 Nd7 13. Rfd1 Qc7 14. Rac1 Nc5 15. Qc2 Rac8 16. Qb1 Ne5 17. f4 Ng6 18. b4 Nd7 19. Bf3 Qb8 20. Qd3 Rfd8 21. Nab1 Nf6 22. Qe2 Ba8 23. g3 Rd7 24. Na4 Bd8 25. Nbc3 b5 26. cxb5 axb5 27. Qxb5 Rb7 28. Qa6 Rxb4 29. Nd5 Rxc1 30. Rxc1 Bb7 31. Nxf6+ gxf6 32. Ba7 Bxa6 33. Bxb8 Rxb8 0-1

[Event "Bayern-chI Bank Hofmann 19th"]
[Site "Bad Wiessee"]
[Date "2015.11.08"]
[Round "9"]
[White "Lorenz, Sascha"]
[Black "Staudacher, Thomas"]
[Result "1-0"]
[WhiteElo "2238"]
[BlackElo "2074"]
[PlyCount "107"]
[EventDate "2015.10.31"]
[EventType "swiss"]
[EventRounds "9"]
[EventCountry "GER"]
[SourceTitle "EXT 2017"]
[Source "ChessBase"]
[SourceDate "2016.10.25"]
[SourceVersion "1"]
[SourceVersionDate "2016.10.25"]
[SourceQuality "1"]

1. Nf3 d5 2. c4 d4 3. g3 Nc6 4. Bg2 e5 5. d3 Nf6 6. 0-0 Be7 7. e3 Bg4 8. h3 Bh5 9. exd4 exd4 10. b3 0-0 11. Na3 Qd7 12. Nc2 a5 13. a3 Rfe8 14. Rb1 Bxf3 15. Qxf3 Ne5 16. Qd1 c5 17. b4 axb4 18. axb4 Ra7 19. f4 Nc6 20. b5 Na5 21. g4 Qd8 22. Bd2 b6 23. Ra1 Bd6 24. g5 Nd7 25. Qf3 Nb8 26. h4 Rae7 27. Bxa5 bxa5 28. Rf2 Qc7 29. h5 Kh8 30. Qg4 f6 31. Be4 Nd7 32. Qf5 Nf8 33. Ne1 fxg5 34. fxg5 Re6 35. Ng2 Re5 36. Qg4 Qe7 37. Rf5 Bc7 38. Raf1 Qd6 39. Qf4 Rxf5 40. Bxf5 Qe7 41. Qg4 Qd6 42. Rf4 a4 43. Be4 a3 44. Rf1 Nd7 45. Qh4 Rf8 46. Ra1 Bd8 47. Rxa3 Qe5 48. Qh3 Nb6 49. g6 Nxc4 50. Ra7 Nd2 51. Rf7 Rxf7 52. gxf7 Qf6 53. Qd7 Qf1+ 54. Kh2 1-0

[Event "Munich-ch VM2"]
[Site "Munich"]
[Date "2006.02.11"]
[Round "7"]
[White "Staudacher, Thomas"]
[Black "Schaffranietz, Horst"]
[Result "1-0"]
[WhiteElo "2082"]
[BlackElo "1964"]
[PlyCount "107"]
[EventDate "2006.01.20"]
[EventType "tourn"]
[EventRounds "9"]
[EventCountry "GER"]
[SourceTitle "EXT 2007"]
[Source "ChessBase"]
[SourceDate "2006.11.23"]
[SourceVersion "1"]
[SourceVersionDate "2006.11.23"]
[SourceQuality "1"]

1. e4 d6 2. d4 Nf6 3. Nc3 g6 4. Be3 Bg7 5. f3 Nbd7 6. Qd2 h5 7. h4 c5 8. dxc5 dxc5 9. 0-0-0 Qa5 10. Kb1 a6 11. Nh3 0-0 12. Nd5 Qd8 13. Nxf6+ Bxf6 14. Bxc5 Qc7 15. Bf2 b5 16. Nf4 Bb7 17. Be3 Ne5 18. Qf2 Rac8 19. Nd5 Bxd5 20. Rxd5 Rfd8 21. Rxd8+ Rxd8 22. Be2 Nc4 23. Bxc4 bxc4 24. f4 Bxb2 25. Kxb2 Rb8+ 26. Ka1 c3 27. Rb1 Rxb1+ 28. Kxb1 Qb7+ 29. Bb6 Qxe4 30. a3 Qd5 31. Qd4 Qb5+ 32. Qb4 Qf1+ 33. Ka2 Qxg2 34. Qxc3 Qd5+ 35. Qb3 Qe4 36. Bc7 Kg7 37. Be5+ f6 38. Bc7 e5 39. fxe5 fxe5 40. Qd3 Qf4 41. Qd7+ Kh6 42. Bd8 Qc4+ 43. Kb2 Qb5+ 44. Qxb5 axb5 45. Kc3 Kg7 46. Kd3 Kf7 47. Ke4 Ke6 48. Bc7 g5 49. hxg5 h4 50. Bxe5 h3 51. Bh2 Kf7 52. Kf5 Kg7 53. Kg4 Kg6 54. Bf4 1-0

[Event "Munich-ch VM2"]
[Site "Munich"]
[Date "2006.01.22"]
[Round "3"]
[White "Erhart, Tristan"]
[Black "Staudacher, Thomas"]
[Result "1-0"]
[WhiteElo "1903"]
[BlackElo "2082"]
[PlyCount "103"]
[EventDate "2006.01.20"]
[EventType "tourn"]
[EventRounds "9"]
[EventCountry "GER"]
[SourceTitle "EXT 2007"]
[Source "ChessBase"]
[SourceDate "2006.11.23"]
[SourceVersion "1"]
[SourceVersionDate "2006.11.23"]
[SourceQuality "1"]

1. d4 f5 2. Bg5 g6 3. e3 Bg7 4. c3 Nf6 5. Nd2 d6 6. Bxf6 Bxf6 7. e4 e5 8. dxe5 Bxe5 9. Ngf3 Bg7 10. Bc4 Qe7 11. 0-0 f4 12. Nd4 Nd7 13. Ne6 Nb6 14. Nxf4 Nxc4 15. Qa4+ c6 16. Qxc4 Bh6 17. Ne2 Bxd2 18. Qd4 0-0 19. Qxd2 Qxe4 20. Ng3 Qf4 21. Rad1 d5 22. Rfe1 Bd7 23. c4 Qxd2 24. Rxd2 Rae8 25. Rxe8 Rxe8 26. f3 Be6 27. c5 Kf7 28. Kf2 Kf6 29. Ne2 g5 30. Nd4 Bf7 31. Rd3 Bg6 32. Ra3 a6 33. Rb3 Re7 34. Re3 Bb1 35. a3 Bg6 36. Rxe7 Kxe7 37. Ke3 Kd7 38. f4 gxf4+ 39. Kxf4 Kc7 40. g4 a5 41. b4 axb4 42. axb4 b6 43. Ke5 bxc5 44. bxc5 Bd3 45. h4 Kb7 46. Kd6 h6 47. Nxc6 Be2 48. g5 hxg5 49. hxg5 Bh5 50. Nd4 Bf7 51. Ke7 Bh5 52. Ke6 1-0

[Event "Munich-ch VM2"]
[Site "Munich"]
[Date "2006.01.21"]
[Round "2"]
[White "Staudacher, Thomas"]
[Black "Santl, Anton"]
[Result "1-0"]
[WhiteElo "2082"]
[BlackElo "2116"]
[PlyCount "81"]
[EventDate "2006.01.20"]
[EventType "tourn"]
[EventRounds "9"]
[EventCountry "GER"]
[SourceTitle "EXT 2007"]
[Source "ChessBase"]
[SourceDate "2006.11.23"]
[SourceVersion "1"]
[SourceVersionDate "2006.11.23"]
[SourceQuality "1"]

1. e4 c5 2. Nf3 d6 3. d4 cxd4 4. Nxd4 Nf6 5. Nc3 a6 6. Be3 e5 7. Nb3 Be6 8. f3 Be7 9. Qd2 Nbd7 10. 0-0-0 0-0 11. g4 b5 12. h4 Qc7 13. h5 Rfc8 14. Kb1 b4 15. Nd5 Bxd5 16. exd5 Nb6 17. Bxb6 Qxb6 18. g5 Nd7 19. g6 h6 20. gxf7+ Kxf7 21. Bh3 Rc7 22. Be6+ Ke8 23. Qg2 Bg5 24. Qg4 Nf6 25. Qf5 a5 26. Nd4 exd4 27. f4 Bxf4 28. Qxf4 a4 29. Rxd4 b3 30. cxb3 axb3 31. a3 Qc5 32. Rd2 Qc4 33. Qxc4 Rxc4 34. Rh3 Ne4 35. Re2 Rb8 36. Bf5 Kf7 37. Rxe4 Rxe4 38. Bxe4 Kf6 39. Bg6 Rb5 40. Rd3 Rc5 41. Rxb3 1-0

[Event "Bayern-chI Bank Hofmann 6th"]
[Site "Bad Wiessee"]
[Date "2002.10.29"]
[Round "4"]
[White "Staudacher, Thomas"]
[Black "Ponater, Michael"]
[Result "1/2-1/2"]
[WhiteElo "2089"]
[BlackElo "2232"]
[PlyCount "74"]
[EventDate "2002.10.26"]
[EventType "swiss"]
[EventRounds "9"]
[EventCountry "GER"]
[SourceTitle "EXT 2003"]
[Source "ChessBase"]
[SourceDate "2002.11.25"]
[SourceVersion "1"]
[SourceVersionDate "2002.11.25"]
[SourceQuality "1"]

1. e4 c5 2. Nf3 g6 3. d4 cxd4 4. Nxd4 Bg7 5. Be3 Nc6 6. Nc3 Nf6 7. Bc4 0-0 8. Bb3 a5 9. f3 d5 10. Bxd5 Nxd5 11. exd5 Nb4 12. Nde2 e6 13. a3 Nxd5 14. Nxd5 exd5 15. Bd4 Re8 16. Bxg7 Kxg7 17. Qd4+ Qf6 18. Qxf6+ Kxf6 19. Kf2 Bf5 20. Nd4 Rac8 21. c3 Bd3 22. Rhe1 a4 23. Rxe8 Rxe8 24. Re1 Rxe1 25. Kxe1 Ke5 26. Kd2 Bf1 27. g3 Bc4 28. Ke3 Bf1 29. Nc2 g5 30. f4+ gxf4+ 31. gxf4+ Kd6 32. Kd4 Bc4 33. Ne3 Ba2 34. Nf5+ Ke6 35. Ne3 Kd6 36. Ng4 Ke6 37. Ne3 Kd6 1/2-1/2